000
00302nam a2200121Ia 4500
008
190216s9999||||xx |||||||||||||| ||und||
100
_a
"Amitabha Mukerjee,Marakar George"
245
0
_a
Financial Accounting
260
_b
Tata Mcgrawhill Publishers
300
_a
1620
650
_a
Commerce
942
_c
BK
999
_c
7209
_d
7209